000 00566nam a2200217Ia 4500
003 GCL
005 20240530095830.0
008 140319s9999 xx 000 0 eng d
017 _a9772350416
040 _aGCL /
_cGCL
082 0 4 _a910.01432
_bCC/B T
_221
100 1 _aMOHAMED I BAKR
245 1 0 _aTELL BASTA:
_b Vol 1 /
_cMOHAMED I BAKR
260 _acairo :
_bEGYPTIAN ANTIQUITIES ORGANIZATION ،
_c1992
300 _a163 p ;
_c32 cm
650 0 4 _aANCIENT EGYPT
650 0 4 _aHISTORY
650 0 4 _aARCHAEOLOGY
650 0 4 _aTELL BASTA
942 _2ddc
_cBK
999 _c11151
_d11151